000 00564nam a2200181Ia 4500
008 100920s9999 xx 000 0 und d
082 _b105854
_a51 न 09
100 _aदलाईवाला प. पु.
245 _aआनंदाचे गुरू.
260 _bसाकेतऔरंगाबाद.
_c2009
300 _a200
_bसाधी
365 _b180
520 _aचरित्र.
630 _aआनंदाचे गुरू.
650 _aचरित्र.
730 _aआनंदाचे गुरू.
942 _cBOOK
999 _c746285
_d746282